Loading...
| Fine Arts - Classical Music | 3 | 10.00 | 100% | 0% | 0% |
| Fine Arts - Other Fine Arts | 2 | 15.00 | 100% | 50% | 0% |
| Fine Arts - Visual Fine Arts | 2 | 5.00 | 50% | 0% | 0% |
| History - American History | 3 | 10.00 | 67% | 33% | 0% |
| History - European History | 4 | 5.00 | 50% | 0% | 0% |
| History - Other History | 4 | 5.00 | 50% | 0% | 0% |
| History - World History | 2 | 10.00 | 100% | 0% | 0% |
| Literature - American Literature | 2 | 10.00 | 100% | 0% | 0% |
| Literature - British Literature | 1 | 10.00 | 100% | 0% | 0% |
| Literature - European Literature | 4 | 5.00 | 25% | 25% | 0% |
| Literature - World/Other Literature | 3 | 10.00 | 67% | 33% | 0% |
| Mythology | 2 | 15.00 | 100% | 50% | 0% |
| Philosophy | 4 | 7.50 | 75% | 0% | 0% |
| Religion | 4 | 12.50 | 100% | 25% | 0% |
| Science - Biology | 3 | 10.00 | 67% | 33% | 0% |
| Science - Chemistry | 3 | 6.67 | 67% | 0% | 0% |
| Science - Other Science | 3 | 6.67 | 67% | 0% | 0% |
| Science - Physics | 1 | 10.00 | 100% | 0% | 0% |
| Social Science | 3 | 13.33 | 100% | 33% | 0% |